<?xml version="1.0" encoding="UTF-8"?>
<record
    xmlns:xsi="http://www.w3.org/2001/XMLSchema-instance"
    xsi:schemaLocation="http://www.loc.gov/MARC21/slim http://www.loc.gov/standards/marcxml/schema/MARC21slim.xsd"
    xmlns="http://www.loc.gov/MARC21/slim">

  <leader>01520nam a22003017a 4500</leader>
  <datafield tag="999" ind1=" " ind2=" ">
    <subfield code="c">29500</subfield>
    <subfield code="d">29471</subfield>
  </datafield>
  <controlfield tag="003">EG-ScBUE</controlfield>
  <controlfield tag="005">20210926140026.0</controlfield>
  <controlfield tag="008">210925s2006    ua     f b    000 0bara d</controlfield>
  <datafield tag="020" ind1=" " ind2=" ">
    <subfield code="a">9776163566</subfield>
  </datafield>
  <datafield tag="040" ind1=" " ind2=" ">
    <subfield code="a">EG-ScBUE</subfield>
    <subfield code="b">ara</subfield>
    <subfield code="e">rda</subfield>
    <subfield code="c">EG-ScBUE</subfield>
    <subfield code="d">EG-ScBUE</subfield>
  </datafield>
  <datafield tag="082" ind1="0" ind2="4">
    <subfield code="a">892.78609</subfield>
    <subfield code="b">&#x637; &#x647;&#x640; &#x62D;</subfield>
    <subfield code="2">22</subfield>
  </datafield>
  <datafield tag="245" ind1="0" ind2="0">
    <subfield code="a">&#x637;&#x647; &#x62D;&#x633;&#x64A;&#x646; :</subfield>
    <subfield code="b">&#x645;&#x639;&#x644;&#x645; &#x627;&#x644;&#x623;&#x62C;&#x64A;&#x627;&#x644; : &#x627;&#x644;&#x628;&#x62D;&#x648;&#x62B; &#x627;&#x644;&#x62A;&#x64A; &#x623;&#x644;&#x642;&#x64A;&#x62A; &#x641;&#x64A; &#x627;&#x644;&#x645;&#x624;&#x62A;&#x645;&#x631; &#x627;&#x644;&#x645;&#x646;&#x639;&#x642;&#x62F; &#x641;&#x64A; &#x64A;&#x648;&#x645;&#x64A; 24-25 &#x645;&#x646; &#x623;&#x643;&#x62A;&#x648;&#x628;&#x631; &#x639;&#x627;&#x645; 2003 &#x645; &#x644;&#x625;&#x62D;&#x64A;&#x627;&#x621; &#x627;&#x644;&#x630;&#x643;&#x631;&#x649; &#x627;&#x644;&#x62B;&#x644;&#x627;&#x62B;&#x64A;&#x646; &#x644;&#x631;&#x62D;&#x64A;&#x644;&#x647; /</subfield>
    <subfield code="c">&#x62A;&#x642;&#x62F;&#x64A;&#x645; &#x627;&#x644;&#x623;&#x633;&#x62A;&#x627;&#x630; &#x627;&#x644;&#x62F;&#x643;&#x62A;&#x648;&#x631; &#x625;&#x633;&#x645;&#x627;&#x639;&#x64A;&#x644; &#x633;&#x631;&#x627;&#x62C; &#x627;&#x644;&#x62F;&#x64A;&#x646; &#x61B; &#x62A;&#x62D;&#x631;&#x64A;&#x631; &#x627;&#x644;&#x623;&#x633;&#x62A;&#x627;&#x630; &#x627;&#x644;&#x62F;&#x643;&#x62A;&#x648;&#x631; &#x644;&#x637;&#x641;&#x64A; &#x639;&#x628;&#x62F; &#x627;&#x644;&#x648;&#x647;&#x627;&#x628;.</subfield>
  </datafield>
  <datafield tag="264" ind1=" " ind2="1">
    <subfield code="a">&#x627;&#x644;&#x625;&#x633;&#x643;&#x646;&#x62F;&#x631;&#x64A;&#x629; :</subfield>
    <subfield code="b">&#x645;&#x643;&#x62A;&#x628;&#x629; &#x627;&#x644;&#x625;&#x633;&#x643;&#x646;&#x62F;&#x631;&#x64A;&#x629;&#x60C;</subfield>
    <subfield code="c">2006.</subfield>
  </datafield>
  <datafield tag="300" ind1=" " ind2=" ">
    <subfield code="a">174 &#x635;&#x641;&#x62D;&#x629; &#x61B;</subfield>
    <subfield code="c">26 &#x633;&#x645;</subfield>
  </datafield>
  <datafield tag="336" ind1=" " ind2=" ">
    <subfield code="2">rdacontent</subfield>
    <subfield code="a">&#x646;&#x635;</subfield>
    <subfield code="b">txt</subfield>
  </datafield>
  <datafield tag="337" ind1=" " ind2=" ">
    <subfield code="2">rdamedia</subfield>
    <subfield code="a">&#x628;&#x62F;&#x648;&#x646; &#x648;&#x633;&#x64A;&#x637;</subfield>
    <subfield code="b">n</subfield>
  </datafield>
  <datafield tag="338" ind1=" " ind2=" ">
    <subfield code="2">rdacarrier</subfield>
    <subfield code="a">&#x645;&#x62C;&#x644;&#x62F;</subfield>
    <subfield code="b">nc</subfield>
  </datafield>
  <datafield tag="504" ind1=" " ind2=" ">
    <subfield code="a">&#x64A;&#x634;&#x62A;&#x645;&#x644; &#x639;&#x644;&#x649; &#x625;&#x631;&#x62C;&#x627;&#x639;&#x627;&#x62A; &#x628;&#x628;&#x644;&#x64A;&#x648;&#x62C;&#x631;&#x627;&#x641;&#x64A;&#x629;.</subfield>
  </datafield>
  <datafield tag="541" ind1=" " ind2=" ">
    <subfield code="c">Donation ;</subfield>
    <subfield code="a">Alex.13.</subfield>
  </datafield>
  <datafield tag="600" ind1="1" ind2="7">
    <subfield code="a">&#x202A;&#x62D;&#x633;&#x64A;&#x646;&#x60C; &#x637;&#x647;&#x60C;</subfield>
    <subfield code="d">1889-1973.</subfield>
    <subfield code="2">BUEsh</subfield>
  </datafield>
  <datafield tag="650" ind1=" " ind2="7">
    <subfield code="a">&#x202A;&#x627;&#x644;&#x623;&#x62F;&#x628;&#x627;&#x621; &#x627;&#x644;&#x639;&#x631;&#x628;</subfield>
    <subfield code="z">&#x645;&#x635;&#x631;</subfield>
    <subfield code="v">&#x62A;&#x631;&#x627;&#x62C;&#x645;.</subfield>
    <subfield code="2">BUEsh</subfield>
  </datafield>
  <datafield tag="653" ind1=" " ind2="7">
    <subfield code="a">BUEsh</subfield>
    <subfield code="b">ARALIT</subfield>
    <subfield code="c">September2021</subfield>
  </datafield>
  <datafield tag="655" ind1=" " ind2="7">
    <subfield code="2">BUEsh</subfield>
    <subfield code="v">Reading book</subfield>
    <subfield code="9">34232</subfield>
  </datafield>
  <datafield tag="700" ind1="1" ind2=" ">
    <subfield code="a">&#x202A;&#x639;&#x628;&#x62F; &#x627;&#x644;&#x648;&#x647;&#x627;&#x628;&#x60C; &#x644;&#x637;&#x641;&#x64A;&#x60C;</subfield>
    <subfield code="e">&#x645;&#x62D;&#x631;&#x631;.</subfield>
  </datafield>
  <datafield tag="700" ind1="1" ind2=" ">
    <subfield code="a">&#x633;&#x631;&#x627;&#x62C; &#x627;&#x644;&#x62F;&#x64A;&#x646;&#x60C; &#x625;&#x633;&#x645;&#x627;&#x639;&#x64A;&#x644;&#x60C;</subfield>
    <subfield code="d">&#x202A;1944-</subfield>
    <subfield code="e">&#x645;&#x642;&#x62F;&#x645;.</subfield>
  </datafield>
  <datafield tag="711" ind1="2" ind2=" ">
    <subfield code="a">&#x645;&#x624;&#x62A;&#x645;&#x631; &#x644;&#x625;&#x62D;&#x64A;&#x627;&#x621; &#x627;&#x644;&#x630;&#x643;&#x631;&#x649; &#x627;&#x644;&#x62B;&#x644;&#x627;&#x62B;&#x64A;&#x646; &#x644;&#x631;&#x62D;&#x64A;&#x644;&#x647;</subfield>
    <subfield code="d">(2003 :</subfield>
    <subfield code="c">&#x627;&#x644;&#x642;&#x627;&#x647;&#x631;&#x629;)</subfield>
    <subfield code="9">8568</subfield>
  </datafield>
  <datafield tag="942" ind1=" " ind2=" ">
    <subfield code="2">ddc</subfield>
  </datafield>
  <datafield tag="952" ind1=" " ind2=" ">
    <subfield code="0">0</subfield>
    <subfield code="1">0</subfield>
    <subfield code="2">ddc</subfield>
    <subfield code="4">0</subfield>
    <subfield code="7">0</subfield>
    <subfield code="8">Donation-G</subfield>
    <subfield code="a">MAIN</subfield>
    <subfield code="b">MAIN</subfield>
    <subfield code="c">2ND</subfield>
    <subfield code="d">2021-09-25</subfield>
    <subfield code="e">Donation</subfield>
    <subfield code="o">892.78609 &#x637; &#x647;&#x640; &#x62D;</subfield>
    <subfield code="p">000050733</subfield>
    <subfield code="r">2025-07-15 00:00:00</subfield>
    <subfield code="y">BB</subfield>
  </datafield>
</record>
